| 000 | 01051nam a2200121Ia 4500 | ||
|---|---|---|---|
| 008 | 220615s9999||||xx |||||||||||||| ||und|| | ||
| 100 | _aBiswas, Wahidul K. | ||
| 245 | 0 | _aEnvironmental Impact Assessment of Buildings | |
| 546 | _aEnglish[eng] | ||
| 650 | _awash water||greenhouse gases||environmental life cycle assessment||sustainable-development||transit-policy||public-engagement||Multilevel buildings||building integrated photovoltaic||slag||operational energy||life-cycle social analysis||building||travel-satisfaction||TEASER||BIPV||photocatalytic construction materials||functionalized aggregate||green star concrete||work-commute||shallow plan forms||life cycle assessment||recycled aggregate||environmental remediation||block of buildings||rain cladding||LCA||sustainability||peak shaving||residential building||indoor overheating||LCI||air pollution||environmental performance||service life||nitric oxides||thermal model||coloured glass||demand response||modal-variability | ||
| 856 | _uhttps://mdpi.com/books/pdfview/book/2004 | ||
| 942 | _cEB | ||
| 999 |
_c19051 _d19051 |
||